Wereldkampioenen Darts - Statistieken

Algemene statistieken
  • Deze quiz is 144 keer genomen
  • De gemiddelde score is 24 van 29
Antwoordstatistieken
Jaar Nationaliteit Winnaar % Correct
2014 NED Michael van Gerwen
98%
2017 NED Michael van Gerwen
98%
2019 NED Michael van Gerwen
98%
2021 WAL Gerwyn Price
91%
1995 ENG Phil Taylor
91%
1996 ENG Phil Taylor
91%
1997 ENG Phil Taylor
91%
1998 ENG Phil Taylor
91%
1999 ENG Phil Taylor
91%
2000 ENG Phil Taylor
91%
2001 ENG Phil Taylor
91%
2002 ENG Phil Taylor
91%
2004 ENG Phil Taylor
91%
2005 ENG Phil Taylor
91%
2006 ENG Phil Taylor
91%
2009 ENG Phil Taylor
91%
2010 ENG Phil Taylor
91%
2013 ENG Phil Taylor
91%
2007 NED Raymond van Barneveld
91%
2020 SCO Peter Wright
84%
2022 SCO Peter Wright
84%
2015 SCO Gary Anderson
82%
2016 SCO Gary Anderson
82%
2011 ENG Adrian Lewis
57%
2012 ENG Adrian Lewis
57%
2018 ENG Rob Cross
57%
2003 CAN John Part
38%
2008 CAN John Part
38%
1994 ENG Dennis Priestley
25%
Geen overeenkomende quizzen gevonden
Scoreverdeling
Procent van Mensen met Elke Score
Percentiel versus Aantal Correcte Antwoorden
Uw Scoregeschiedenis
U heeft deze quiz nog niet genomen